000 00637nam a2200241 a 4500
001 nice12345678
003 IN_TiNIC
005 20260116011550.0
008 050524s1895 wesa grp 000 0 eng
020 _a
_c0
082 0 0 _a954.025
_bHOL
100 _aHolden, Edward S
245 _aMogul Emperors of Hindustan, A. D. 1398-A.D. 1707
260 _aWestminister
_bArchibald Constable and Company
_c1895
300 _a365p
500 _aincludes index and biblioraphy
505 2 _aAppendex, Bibliography, Index
650 _aMughal India
700 1 _aHolden, Edward S
902 _bSRS
942 _cBK
999 _c2645
_d2645